[Event "EU-ch Seniors 07th"]
[Site "Hockenheim"]
[Date "2007.06.09"]
[Round "8"]
[White "Josting, Friedel"]
[Black "Fedotov, Oleksandr"]
[Result "0-1"]
[WhiteElo "2026"]
[BlackElo "2100"]
[PlyCount "79"]
[EventDate "2007.06.02"]
[EventType "swiss"]
[EventRounds "9"]
[EventCountry "GER"]
[SourceTitle "CBM 118 Extra"]
[Source "ChessBase"]
[SourceDate "2007.07.04"]
[SourceVersion "1"]
[SourceVersionDate "2007.07.04"]
[SourceQuality "1"]

1. Nf3 d5 2. d4 Nf6 3. Bf4 Bf5 4. e3 c6 5. Nbd2 Nbd7 6. Nh4 Be6 7. Nhf3 Nh5 8. Bd3 f6 9. 0-0 Bf7 10. Qe2 g5 11. Bg3 Nxg3 12. hxg3 h5 13. e4 g4 14. Nh4 Qc7 15. exd5 cxd5 16. Bg6 Bh6 17. Rfe1 Nf8 18. Bxf7+ Kxf7 19. Nf5 e6 20. Nxh6+ Rxh6 21. c3 Re8 22. Nf1 Ng6 23. Ne3 Re7 24. f4 f5 25. Qd3 Qd7 26. c4 dxc4 27. Qxc4 Kf6 28. Rad1 Qd6 29. Qd3 h4 30. d5 hxg3 31. Qd4+ e5 32. fxe5+ Nxe5 33. Rf1 Rh5 34. Nxg4+ Kg6 35. Nxe5+ Rxe5 36. Rfe1 f4 37. Rxe5 Rxe5 38. Qd3+ Kg5 39. Qd4 Re2 40. Rc1 0-1